| 000 | 00556nam a2200181Ia 4500 | ||
|---|---|---|---|
| 008 | 090123s9999 xx 000 0 und d | ||
| 082 | _b18274 | ||
| 100 | _aसंगवई विजया | ||
| 245 | _aअरुपाची गंधगीते | ||
| 250 | _a0 | ||
| 260 |
_bशब्दकार _c1988 |
||
| 300 | _a76 | ||
| 600 | _aसंगवई विजया | ||
| 630 | _aअरुपाची गंधगीते | ||
| 700 | _aसंगवई विजया | ||
| 730 | _aअरुपाची गंधगीते | ||
| 942 | _cBOOK | ||
| 999 |
_c56335 _d56335 |
||